Statistics for Rank of European Countries by Area

Click here to take the quiz!

General Stats

  • This quiz has been taken 118 times
  • The average score is 34 of 45

Answer Stats

CountryRank% Correct
Russia1
97%
Ukraine2
94%
France3
94%
Germany7
94%
Poland9
90%
Spain4
90%
Sweden5
89%
Finland8
87%
United Kingdom11
86%
Romania12
86%
Norway6
86%
Italy10
84%
Belarus13
83%
Bulgaria15
82%
Hungary17
78%
Vatican City45
77%
Greece14
77%
Monaco44
77%
Luxembourg39
76%
Andorra40
76%
Malta41
76%
Iceland16
75%
San Marino43
75%
Czech Republic20
75%
Ireland22
74%
Liechtenstein42
74%
Portugal18
74%
Austria19
74%
Albania34
71%
Montenegro37
70%
Moldova32
69%
Serbia21
69%
Belgium33
69%
Latvia24
68%
Kosovo38
68%
Denmark29
68%
Croatia25
68%
Bosnia & Herzovina26
68%
Macedonia35
67%
Slovenia36
67%
Lithuania23
67%
Netherlands30
66%
Switzerland31
66%
Estonia28
65%
Slovakia27
65%

Score Distribution

Percentile by Number Answered

Percent of People with Each Score

Your Score History

You have not taken this quiz